000 00894nam a2200241 a 4500
001 74051
003 BD-RjUL
005 20211209082501.0
008 180206s2013 bg a|||| b||| 000 0 ben d
020 _a9847010504842
_cTk. 160.00
035 _a(BD-RjUL)74269
040 _aBD-RjUL
_beng
_cBD-RjUL
041 _aben
082 _223
_a581.7
_bRAU 2013
100 _aহাসান তারীক রানা,
_9220067
245 1 0 _aউদ্ভিদ পরিবেশ বিজ্ঞান /
_cরানা, হাসান তারীক
260 _aঢাকা :
_bঅনন্যা ,
_c২০১৩
300 _a১২৭ পৃ. :
_bছবি ;
_c২২ সেমি.
504 _aবিবলিওগ্রাফী সম্বলিত
650 _aউদ্ভিদ পরিবেশ বিদ্যা
_9220068
650 _aplant Ecology
_9220069
942 _2ddc
_cBK
999 _c74051
_d74051